| 000 | 02352nam a2200649 i 4500 | ||
|---|---|---|---|
| 001 | 991053080739805066 | ||
| 003 | NyNyJPI | ||
| 005 | 20260413173611.0 | ||
| 008 | 221110s2022 pl |001 0 pol c | ||
| 009 | b1000002702149 | ||
| 015 | _aUWD 2023/28850 | ||
| 020 |
_a9788367075350 _q(oprawa twarda) : _czł 69,90 |
||
| 035 | _a(PL)b1000002702149 | ||
| 035 | _a(EXLNZ-48OMNIS_NETWORK)9912855203005606 | ||
| 040 |
_aLUBL M _cLUBL M _dLUBL M _dWA 392 _dMBPWR _dWA 392 _dWA N _dTOR U _dKR U _dGD U _dLUBL KUL _dMBPG _dKR 295 _dPOZN M _dWR M |
||
| 045 | 2 |
_bd1939 _bd1945 |
|
| 046 | _k2022 | ||
| 080 | _a94(438).082 | ||
| 084 | _a01 | ||
| 100 | 1 |
_aGałęziowski, Jakub _d(1982- ) _eAutor |
|
| 245 | 1 | 0 |
_aNiedopowiedziane biografie : _bpolskie dzieci urodzone z powodu wojny / _cJakub Gałęziowski. |
| 246 | 3 | 0 | _aPolskie dzieci urodzone z powodu wojny |
| 250 | _aWydanie I. | ||
| 260 |
_aWarszawa : _bWydawnictwo Krytyki Politycznej, _c2022. |
||
| 300 |
_a458, [6] stron ; _c22 cm. |
||
| 336 |
_aTekst _btxt _2rdacontent |
||
| 337 |
_aBez urządzenia pośredniczącego _bn _2rdamedia |
||
| 338 |
_aWolumin _bnc _2rdacarrier |
||
| 380 | _aKsiążki | ||
| 380 | _aPublikacje naukowe | ||
| 388 | 1 | _a2001- | |
| 490 | 1 |
_aSeria Historyczna ; _v45 |
|
| 504 | _aBibliografia, wykaz aktów prawnych na stronach 421-450. Indeks. | ||
| 530 | _aKsiążka dostępna także jako e-book. | ||
| 648 | 7 |
_a1901-2000 _2DBN |
|
| 648 | 7 |
_a1939-1945 _2DBN |
|
| 650 | 7 |
_aII wojna światowa (1939-1945) _2DBN |
|
| 650 | 7 |
_aDzieci _2DBN |
|
| 650 | 7 |
_aKobieta _2DBN |
|
| 650 | 7 |
_aSieroty wojenne _2DBN |
|
| 650 | 7 |
_aTrauma _2DBN |
|
| 650 | 7 |
_aZgwałcenie _2DBN |
|
| 650 | 0 |
_aWomen and war _zPoland _xHistory _y20th century. |
|
| 650 | 0 |
_aChildren and war _zPoland _xHistory _y20th century. |
|
| 650 | 0 |
_aWorld War, 1939-1945 _xSocial aspects _zPoland. |
|
| 650 | 0 |
_aWorld War, 1939-1945 _xWomen _zPoland. |
|
| 650 | 0 |
_aWorld War, 1939-1945 _xChildren _zPoland |
|
| 650 | 0 |
_aChildren _zPoland _xHistory _y20th century. |
|
| 650 | 0 |
_aOrphans _zPoland _xHistory _y20th century. |
|
| 650 | 0 |
_aRape _zPoland _xHistory _y20th century. |
|
| 651 | 7 |
_aPolska _2DBN |
|
| 655 | 7 |
_aOpracowanie _2DBN |
|
| 658 | _aHistoria | ||
| 710 | 2 |
_aWydawnictwo Krytyki Politycznej _eWydawca _4pbl |
|
| 830 | 0 |
_aSeria Historyczna (Wydawnictwo Krytyki Politycznej) _v45 |
|
| 942 |
_2z _cBK _n0 |
||
| 999 |
_c91105 _d91105 |
||